| 000 | 00000nam 2200000za 4500 |
| 001 | 9.690429 |
| 003 | CaOODSP |
| 005 | 20210624232325 |
| 007 | cr ||||||||||| |
| 008 | 150407|2007||||xxc|||||o f|0| 0 eng d |
| 040 | |aCaOODSP|beng |
| 043 | |an-cn--- |
| 086 | 1 |aSE3-36/2006E-PDF |
| 245 | 02|aA history of the vote in Canada |h[electronic resource] / |cPublished by the Office of the Chief Electoral Officer of Canada. |
| 250 | |aSecond edition. |
| 260 | |aOttawa : |bElections Canada, |c2007. |
| 300 | |a168 p.|bcoloured ill., maps (some coloured), photographs |
| 500 | |aThe catalogue number (SE3-36/2006E) and ISBN (0-662-44087-0) for the print edition have been incorrectly copied in this electronic publication. |
| 520 | 3 |aCanada can be proud of the outstanding democratic character of its electoral system. However, this was not achieved without a struggle over many years. This publication reveals a few of the highlights of that progress. |
| 590 | |a07-45|b2007-11-09 |
| 690 | 07|aElections|2gcpds |
| 690 | 07|aCanadian history|2gcpds |
| 710 | 2 |aElections Canada. |
| 775 | 08|tL'histoire du vote au Canada |w(CaOODSP)9.634793 |
| 776 | 0#|tA history of the vote in Canada / |w(CaOODSP)9.650319 |
| 794 | |tA history of the vote in Canada.|w(CaOODSP)9.895078 |
| 856 | 40|ahttp://publications.gc.ca|qPDF|s9263 KB|uhttps://publications.gc.ca/collections/collection_2007/elections/SE3-36-2006E.pdf |